000 00548nam a2200181 i 4500
001 141016
003 ES-MaACL
005 20230906200214.0
007 t|
008 070919s1986 sp ||||1| spa d
020 _a84-234-0624-7
100 1 _aWilkler, John.
_9116872
245 1 0 _aCómo poner precios, presentarlos y defenderlos /
_cJohn Winkler ; traducción, Víctor Furundarena.
260 _aBilbao :
_bDeusto,
_c[1986]
300 _a259 p. ;
_c23 cm.
700 1 _aFurundarena, Víctor.
_953063
852 _aES-MaACL
_jL-11701
_bR.113865
999 _c141016
_d141016